Chýba Slovensku kapitálový trh? bakalárska práca

Na minha lista:
Detalhes bibliográficos
Autor principal: Iša, Adam
Autor Corporativo: Národohospodárska fakulta EU. Katedra financií
Outros Autores: Bašová, Alena, 1961-
Formato: Livro
Idioma:eslovaco
Publicado em: Bratislava 2023
Tags: Adicionar Tag
Sem tags, seja o primeiro a adicionar uma tag!

MARC

LEADER 00000nbm a2200000 4500
001 0294693
005 20231109131108.0
041 0 |a slo 
044 |a SK 
245 1 0 |a Chýba Slovensku kapitálový trh?  |b bakalárska práca  |c Adam Iša ; školiteľ: Alena Bašová 
264 1 |a Bratislava  |c 2023 
300 |a 47 s. 
100 1 |a Iša, Adam 
700 1 |a Bašová, Alena, 1961- 
710 2 |a Národohospodárska fakulta EU. Katedra financií